000
00318nam a2200109Ia 4500
008
180205s9999 xx 000 0 und d
020
_a
9789715847056
100
_a
Clark, Carolyn chambers
245
_a
Classroom skills for nurse educators /
260
_a
Quezon City
_b
C & E publishing
_c
2008
300
_a
iii, 417 pages
999
_c
354809
_d
354809